[Event "La Fere op 8th"]
[Site "La Fere"]
[Date "2009.07.06"]
[Round "4"]
[White "Bannink, Bernard"]
[Black "Nanu, Ciprian Costica"]
[Result "1/2-1/2"]
[WhiteElo "2277"]
[BlackElo "2535"]
[PlyCount "69"]
[EventDate "2009.07.04"]
[EventType "swiss"]
[EventRounds "9"]
[EventCountry "FRA"]
[SourceTitle "CBM 131 Extra"]
[Source "ChessBase"]
[SourceDate "2009.09.03"]
[SourceVersion "2"]
[SourceVersionDate "2009.09.16"]
[SourceQuality "1"]

1. d4 Nf6 2. Bg5 e6 3. e4 h6 4. Bxf6 Qxf6 5. Nc3 d6 6. Qd2 Qe7 7. 0-0-0 Nd7 8. f4 Nb6 9. Kb1 Bd7 10. Nf3 0-0-0 11. Bd3 Kb8 12. Rhe1 g6 13. e5 d5 14. g4 c5 15. f5 c4 16. f6 Qe8 17. Bf1 Bb4 18. a3 Bf8 19. Qe3 Rc8 20. Kc1 Qd8 21. h4 Na4 22. Nd2 Nxc3 23. Qxc3 b5 24. Nb1 Qb6 25. b4 cxb3 26. Qxb3 b4 27. Re3 Qa5 28. Rc3 Rxc3 29. Nxc3 Ka8 30. Na2 Ba4 31. axb4 Bxb3 32. bxa5 Bxa2 33. Kb2 Bb4 34. Kxa2 Bxa5 35. c4 1/2-1/2

[Event "La Fere op 8th"]
[Site "La Fere"]
[Date "2009.07.04"]
[Round "1"]
[White "Deneuville, Ludovic"]
[Black "Bannink, Bernard"]
[Result "0-1"]
[WhiteElo "1984"]
[BlackElo "2277"]
[PlyCount "114"]
[EventDate "2009.07.04"]
[EventType "swiss"]
[EventRounds "9"]
[EventCountry "FRA"]
[SourceTitle "CBM 131 Extra"]
[Source "ChessBase"]
[SourceDate "2009.09.03"]
[SourceVersion "2"]
[SourceVersionDate "2009.09.16"]
[SourceQuality "1"]

1. d4 d5 2. Nf3 Nf6 3. Bf4 g6 4. e3 Bg7 5. c4 0-0 6. Nc3 c6 7. cxd5 Nxd5 8. Nxd5 cxd5 9. Be2 Nc6 10. 0-0 h6 11. Qb3 b6 12. Rac1 Na5 13. Qb4 Bg4 14. Bc7 Qd7 15. Bb5 Qe6 16. Ne5 Bxe5 17. Bxe5 a6 18. Ba4 Nc4 19. Bg3 Bf5 20. Bd1 a5 21. Qc3 b5 22. b3 b4 23. Qe1 Na3 24. Be2 Rfc8 25. Qd2 Rxc1 26. Rxc1 Nb1 27. Qb2 Nc3 28. Kf1 Rc8 29. a4 Qe4 30. Qd2 Nxe2 31. Rxc8+ Bxc8 32. Kxe2 Ba6+ 33. Ke1 Qxg2 34. Qc2 Kh7 35. Kd2 Qf1 36. Qd1 Qd3+ 37. Kc1 Qf5 38. Qc2 Bd3 39. Qd2 Be4 40. Kb2 Qc8 41. Qc1 Qa6 42. Qd1 g5 43. Be5 f6 44. Bc7 Kg6 45. Bg3 h5 46. f3 Bf5 47. Bf2 h4 48. Bg1 Bd3 49. Bf2 Be2 50. Qc2+ Qd3 51. Qxd3+ Bxd3 52. e4 dxe4 53. fxe4 Bxe4 54. d5 Bxd5 55. Bb6 g4 56. Bxa5 g3 57. Bc7 e5 0-1

[Event "Pfalz op 2nd"]
[Site "Neustadt an der Weinstrasse"]
[Date "2009.02.16"]
[Round "2"]
[White "Epishin, Vladimir"]
[Black "Bannink, Bernard"]
[Result "1-0"]
[WhiteElo "2587"]
[BlackElo "2280"]
[PlyCount "69"]
[EventDate "2009.02.15"]
[EventType "swiss"]
[EventRounds "9"]
[EventCountry "GER"]
[SourceTitle "CBM 128 Extra"]
[Source "ChessBase"]
[SourceDate "2009.03.05"]
[SourceVersion "2"]
[SourceVersionDate "2009.03.25"]
[SourceQuality "1"]

1. c4 e5 2. Nc3 Nf6 3. Nf3 Nc6 4. e3 d6 5. Be2 g6 6. 0-0 Bg7 7. d3 0-0 8. Rb1 Re8 9. b4 h6 10. Nd2 Bf5 11. Re1 Qd7 12. Bf1 g5 13. Nde4 Nxe4 14. dxe4 Bg6 15. c5 Red8 16. Qb3 dxc5 17. bxc5 Na5 18. Qc2 b6 19. Rd1 Qc6 20. Ba3 Kh7 21. Bb4 Nb7 22. Bb5 Qe6 23. c6 Nd6 24. Bxd6 Rxd6 25. Rxd6 Qxd6 26. Rd1 Qc5 27. Rd5 Qb4 28. Rd7 a6 29. Bd3 b5 30. Nd5 Qe1+ 31. Bf1 Rc8 32. Rxc7 Rf8 33. Rd7 Bh5 34. c7 Bd1 35. Nf6+ 1-0

[Event "Monarch Assurance 16th"]
[Site "Port Erin"]
[Date "2007.09.29"]
[Round "8"]
[White "Bannink, Bernard"]
[Black "Fox, Anthony"]
[Result "1-0"]
[WhiteElo "2271"]
[BlackElo "2084"]
[PlyCount "219"]
[EventDate "2007.09.22"]
[EventType "swiss"]
[EventRounds "9"]
[EventCountry "IOM"]
[SourceTitle "CBM 120 Extra"]
[Source "ChessBase"]
[SourceDate "2007.11.01"]
[SourceVersion "1"]
[SourceVersionDate "2007.11.01"]
[SourceQuality "1"]

1. d4 d5 2. Nf3 Nf6 3. e3 Bf5 4. c4 e6 5. Qb3 Qc8 6. Nc3 c6 7. Nh4 Bg6 8. Nxg6 hxg6 9. Bd2 Nbd7 10. g3 Bd6 11. Bg2 Qb8 12. f4 a5 13. a3 Qa7 14. Rc1 a4 15. Qa2 Be7 16. Bf3 dxc4 17. Qxc4 Nb6 18. Qe2 Qa6 19. Qxa6 Rxa6 20. Be2 Ra8 21. e4 Nfd7 22. Be3 f5 23. 0-0 0-0 24. d5 exd5 25. exd5 cxd5 26. Bf3 Ra5 27. Rfd1 Bc5 28. Bxc5 Rxc5 29. Nxd5 Rxc1 30. Rxc1 Rd8 31. Rd1 Re8 32. Nxb6 Nxb6 33. Kf2 Rc8 34. Rd2 Rc7 35. Ke2 Kf7 36. Kd1 Ke7 37. Rc2 Nc4 38. Kc1 b5 39. Bd5 Kd6 40. Bxc4 bxc4 41. Rd2+ Kc5 42. Re2 Kd4 43. Re6 c3 44. Rd6+ Kc4 45. Kc2 cxb2 46. Kxb2 Rb7+ 47. Kc2 Rb3 48. Rc6+ Kd4 49. Rxg6 Rxa3 50. Kb2 Rb3+ 51. Ka2 Rb7 52. Ka3 Ra7 53. Re6 Kd3 54. Re5 g6 55. Re6 Rh7 56. h4 Rg7 57. Kxa4 Kd4 58. Kb3 Kd5 59. Re5+ Kd6 60. Kc3 Ra7 61. Re3 Ra3+ 62. Kd2 Ra2+ 63. Ke1 Kd7 64. Re2 Ra1+ 65. Kf2 Rb1 66. Kg2 Ra1 67. Re5 Ra2+ 68. Kh3 Ra1 69. Re2 Rh1+ 70. Kg2 Ra1 71. Kf2 Rb1 72. Re1 Rb2+ 73. Kf3 Rb3+ 74. Kg2 Rb2+ 75. Kh3 Rb8 76. Ra1 Ke6 77. Ra7 Kf6 78. Ra6+ Kg7 79. h5 gxh5 80. Ra3 Rb6 81. Kh4 Kh6 82. Ra8 Rg6 83. Rf8 Rg4+ 84. Kh3 Kg6 85. Rh8 Kf6 86. Rxh5 Rg8 87. Rh6+ Kf7 88. Ra6 Rh8+ 89. Kg2 Rc8 90. Rd6 Rb8 91. Kf3 Rb3+ 92. Kf2 Rb2+ 93. Ke3 Rg2 94. Kf3 Ra2 95. Rd3 Rb2 96. Ke3 Rb4 97. Kf3 Rb1 98. Kg2 Ra1 99. Kh3 Ra8 100. Rd7+ Kg6 101. Rd6+ Kh5 102. Rf6 Ra5 103. Rf8 Rb5 104. Rf7 Ra5 105. Rg7 Rb5 106. Rg5+ Kh6 107. Kh4 Rb1 108. Rxf5 Rh1+ 109. Kg4 Kg6 110. Ra5 1-0